[Event "Paracin Winter op"]
[Site "Paracin"]
[Date "2018.02.01"]
[Round "4"]
[White "Glisic, Tomislav"]
[Black "Zaric, Slavoljub"]
[Result "1-0"]
[WhiteElo "1837"]
[BlackElo "1612"]
[PlyCount "55"]
[EventDate "2018.01.30"]
[EventType "swiss"]
[EventRounds "9"]
[EventCountry "SRB"]
[SourceTitle "CBM 182 Extra"]
[Source "ChessBase"]
[SourceDate "2018.02.23"]
[SourceVersion "1"]
[SourceVersionDate "2018.02.23"]
[SourceQuality "1"]

1. e4 g6 2. d4 d5 3. exd5 Qxd5 4. Nc3 Qe6+ 5. Be3 Bg7 6. Nf3 Qb6 7. Rb1 Bg4 8. Be2 e6 9. 0-0 Qd6 10. h3 Bf5 11. Qd2 h6 12. Bf4 Qd7 13. Bc4 g5 14. Be5 f6 15. Bg3 g4 16. hxg4 Bxg4 17. Nh4 Bf5 18. Nd5 e5 19. Nxf5 Bf8 20. Nh4 a5 21. Rfe1 Kd8 22. Ng6 Qg7 23. Rbd1 b5 24. Nxc7 Kxc7 25. Bd3 Qd7 26. dxe5 fxe5 27. Bxe5+ Kb7 28. Be4+ 1-0

[Event "Paracin Winter op"]
[Site "Paracin"]
[Date "2018.02.01"]
[Round "3"]
[White "Zaric, Slavoljub"]
[Black "Puric, Momir"]
[Result "1/2-1/2"]
[WhiteElo "1612"]
[BlackElo "1861"]
[PlyCount "44"]
[EventDate "2018.01.30"]
[EventType "swiss"]
[EventRounds "9"]
[EventCountry "SRB"]
[SourceTitle "CBM 182 Extra"]
[Source "ChessBase"]
[SourceDate "2018.02.23"]
[SourceVersion "1"]
[SourceVersionDate "2018.02.23"]
[SourceQuality "1"]

1. c4 c5 2. Nc3 Nc6 3. g3 e5 4. Bg2 Nf6 5. Nf3 Be7 6. 0-0 0-0 7. d3 d5 8. cxd5 Nxd5 9. Re1 f5 10. Nxd5 Qxd5 11. b3 Rb8 12. Qc2 h6 13. Qc4 Qxc4 14. bxc4 e4 15. dxe4 fxe4 16. Nd2 e3 17. fxe3 Bg5 18. Bxc6 bxc6 19. Ba3 Bxe3+ 20. Kh1 Ba6 21. Nb3 Rf2 22. Rf1 Rxb3 1/2-1/2

[Event "SRB-chT3 West CS"]
[Site "Serbia"]
[Date "2017.10.13"]
[Round "8.23"]
[White "Gazivoda, Slobodan M"]
[Black "Zaric, Slavoljub"]
[Result "1-0"]
[WhiteElo "2080"]
[BlackElo "1607"]
[PlyCount "67"]
[EventDate "2017.09.03"]
[EventType "team-tourn"]
[EventRounds "11"]
[EventCountry "SRB"]
[SourceTitle "EXT 2021"]
[Source "ChessBase"]
[SourceDate "2020.10.23"]
[SourceVersion "1"]
[SourceVersionDate "2020.10.23"]
[SourceQuality "1"]

1. e4 e5 2. Nf3 Nc6 3. Bb5 Nd4 4. Nxd4 exd4 5. 0-0 Qg5 6. Qe2 c6 7. Bc4 Bc5 8. d3 Qg6 9. f4 h5 10. f5 Qh7 11. e5 Ne7 12. Nd2 Nxf5 13. Ne4 d5 14. exd6 0-0 15. d7 Bxd7 16. Nxc5 Rae8 17. Qf2 Bc8 18. Ne4 b5 19. Bb3 a5 20. a3 a4 21. Ba2 c5 22. Bf4 c4 23. Nd6 Ne3 24. Nxe8 Nxf1 25. Rxf1 Rxe8 26. Qxd4 Qg6 27. Bg3 Bg4 28. Re1 Be2 29. dxc4 Re4 30. Qd2 Qg4 31. h3 Qxg3 32. Rxe2 Rh4 33. Qd8+ Kh7 34. Qd3+ 1-0